| 000 | 00906cas a22002897ar4500 | ||
|---|---|---|---|
| 005 | 20220329142050.0 | ||
| 008 | 990520d19141979fr b p rnn 0 uub0fre d | ||
| 010 | _a77867 | ||
| 011 | _a78839 | ||
| 022 | 0 | _a0003-3936 | |
| 035 | _a88940 | ||
| 245 | 0 | 0 | _aAnnales de Chimie |
| 260 | 0 |
_aParis, Francia : _bMasson et Cie, _c1914- |
|
| 300 | _av. | ||
| 310 | _aBimestral | ||
| 362 | 1 | _av.7 n.1-2, 1962 | |
| 500 | _aSe dejó de recibir a partir del v.7 n.11-12, 1962 | ||
| 590 |
_aBATCH-UPD _b10 _c20130110 _lUCH01 _h0520 |
||
| 590 |
_aBATCH-UPD _b10 _c20130410 _lUCH01 _h0159 |
||
| 590 |
_aBATCH-UPD _b10 _c20130914 _lUCH01 _h1950 |
||
| 590 |
_aCONVERSION _b10 _c20130109 _lUCH01 _h1343 |
||
| 650 | 1 | 4 |
_aQuímica _xPublicaciones periódicas. _993571 |
| 785 | _tAnnales de Chimie : science des materiaux | ||
| 866 | _av.5 n.1-v.7 n.12 (1960-1962) | ||
| 901 | _aSE | ||
| 905 | _aMa. del Socorro Iturbe C. | ||
| 999 |
_c77867 _d77867 |
||